000 00839nam a2200253Ia 4500
003 OSt
005 20221005103717.0
006 a|||||r|||| 00| 0
007 ta
008 221004b |||||||| |||| 00| 0 hin d
024 _a107792
037 _cTextual
040 _aCRL
_cCRL
_bhin
041 _2hin
_ahin
082 _aO152,1:g, K0
100 _aत्रिपाठी, रामसागर
245 0 _aभारतीय मुक्तक परम्परा
246 _aBhāratīya muktak paramparā
260 _aदिल्ली
_bअशोक प्रकाशन भारत
_c1960
300 _a190पृ0
_ccm.
650 _aहिन्दी साहित्य
942 _hO152,1:g, K0
_cTEXL
_2cc
999 _c1010706
_d1010706